[Event "N4"]
[Site "reims/chalons"]
[Date "2006.12.10"]
[Round "3"]
[White "CREPAUX, J.Marie"]
[Black "DJELLOULI, Hassine"]
[Result "1-0"]
[WhiteElo "1950"]
[BlackElo "1980"]
[PlyCount "101"]
[EventDate "2006.12.10"]
[SourceDate "2007.03.18"]

1. e4 e6 2. d4 d5 3. Nc3 Bb4 4. e5 c5 5. a3 Bxc3+ 6. bxc3 Ne7 7. a4 Qa5 8. Bd2
c4 9. Nf3 Nd7 10. g4 Nb6 11. Ng5 h6 12. Nh3 Bd7 13. Qf3 Rf8 14. Be2 O-O-O 15.
O-O Nxa4 16. Rfb1 Qc7 17. Bc1 b5 18. Ba3 Bc6 19. Bd6 Rxd6 20. exd6 Qxd6 21. Re1
Ng6 22. Qe3 Qc7 23. Bf3 Re8 24. Bh1 e5 25. dxe5 Nxe5 26. Qd4 a5 27. Nf4 Nxc3
28. Qxc3 Nxg4 29. Qg3 Rxe1+ 30. Rxe1 Nf6 31. Qe3 g5 32. Ne2 Ng4 33. Qg3 Qxg3+
34. hxg3 a4 35. Nd4 Kd7 36. c3 Kd6 37. Rd1 Nf6 38. Nc2 Kc5 39. Nb4 g4 40. Kf1
d4 41. Rxd4 Bxh1 42. Na6+ Kc6 43. Nb4+ Kc7 44. Ke2 Ne4 45. Na2 Bf3+ 46. Ke3 f6
47. Rxe4 Bxe4 48. Kxe4 Kd6 49. Kf5 h5 50. Kxf6 Kd5 51. Kf5 1-0

[Event "N4"]
[Site "reims/chalons"]
[Date "2006.12.10"]
[Round "3"]
[White "PIERQUIN, Bernard"]
[Black "MONTHOUX, P.Yves"]
[Result "1-0"]
[WhiteElo "1960"]
[BlackElo "1948"]
[PlyCount "87"]
[EventDate "2006.12.10"]
[SourceDate "2007.03.18"]

1. e4 e5 2. Nf3 Nc6 3. c3 g6 4. d4 Bg7 5. d5 Nce7 6. d6 Nc6 7. Be3 Nf6 8. dxc7
Qxc7 9. Bd3 d5 10. Nbd2 Be6 11. O-O Rd8 12. Qa4 O-O 13. Rad1 b6 14. Bb5 Ne7 15.
a3 Ng4 16. Bg5 dxe4 17. Nxe4 f5 18. Bxe7 Qxe7 19. Neg5 Rxd1 20. Rxd1 Kh8 21.
Nxe6 Qxe6 22. h3 Nf6 23. Bc4 Qe7 24. Ng5 Bh6 25. Ne6 Rc8 26. Bb3 e4 27. Qd4 Re8
28. Nd8 Bf4 29. Nc6 Qg7 30. Nxa7 Be5 31. Qxb6 Rb8 32. Rd8+ Rxd8 33. Qxd8+ Ng8
34. Qxg8+ Qxg8 35. Bxg8 Kxg8 36. Kf1 Kf7 37. Ke2 Ke6 38. Nc6 Bd6 39. c4 Bc5 40.
b4 Kd6 41. Na5 Bd4 42. Nb3 Bb2 43. a4 Bc3 44. b5 1-0

[Event "N4"]
[Site "reims/chalons"]
[Date "2006.12.10"]
[Round "3"]
[White "BILLON, Olivier"]
[Black "BRAJON, Eric"]
[Result "1/2-1/2"]
[WhiteElo "1934"]
[BlackElo "1840"]
[PlyCount "48"]
[EventDate "2006.12.10"]
[SourceDate "2007.03.18"]

1. e4 g6 2. d4 d6 3. Nc3 Bg7 4. f4 Nd7 5. Nf3 c5 6. Be3 Ngf6 7. Qd2 a6 8. h3 b5
9. e5 b4 10. exf6 bxc3 11. bxc3 Bxf6 12. g4 Bb7 13. Bg2 Qa5 14. h4 Rc8 15. g5
cxd4 16. cxd4 Qxd2+ 17. Kxd2 Bg7 18. h5 Be4 19. Ne1 Bxg2 20. Nxg2 gxh5 21. Rxh5
Nc5 22. Rh3 Ne4+ 23. Kd3 Nc5+ 24. Kd2 Ne4+ 1/2-1/2

[Event "N4"]
[Site "reims/chalons"]
[Date "2006.12.10"]
[Round "3"]
[White "PETIT, Christian"]
[Black "HARNIK, Cecilien"]
[Result "1-0"]
[WhiteElo "1840"]
[BlackElo "1770"]
[PlyCount "54"]
[EventDate "2006.12.10"]
[SourceDate "2007.03.18"]

1. g3 d5 2. Bg2 e5 3. e3 c6 4. Ne2 Bd6 5. b3 Be6 6. Bb2 f6 7. d3 Ne7 8. Nd2 Nd7
9. c4 Rc8 10. Qc2 O-O 11. O-O Qe8 12. Rae1 Qh5 13. h4 h6 14. Nf3 Kf7 15. Nh2 g5
16. Bf3 g4 17. Bg2 Nf5 18. e4 Nxh4 19. exd5 cxd5 20. gxh4 Qxh4 21. f4 exf4 22.
Nxf4 Bxf4 23. Nxg4 Qxg4 24. Rxe6 Kxe6 25. cxd5+ Kf7 26. Qf2 Rg8 27. Ba3 Be3 1-0

[Event "N4"]
[Site "reims/chalons"]
[Date "2006.12.10"]
[Round "3"]
[White "LECOCQ, Pierre"]
[Black "BUREAU, Bureau"]
[Result "1-0"]
[WhiteElo "1730"]
[BlackElo "1710"]
[PlyCount "125"]
[EventDate "2006.12.10"]
[SourceDate "2007.03.18"]

1. e4 e6 2. d4 d5 3. exd5 exd5 4. Bd3 Bd6 5. c3 Nf6 6. Bg5 O-O 7. Nf3 Bg4 8.
O-O Nbd7 9. Nbd2 c6 10. Qc2 Qc7 11. h3 Bh5 12. Rfe1 Rfe8 13. Bf5 Bg6 14. Bxg6
hxg6 15. Qd3 Nh5 16. Re2 Nf4 17. Bxf4 Bxf4 18. Rae1 Nf6 19. Ne5 Bxd2 20. Qxd2
Re6 21. Qf4 Rae8 22. Nxg6 Qxf4 23. Nxf4 Rxe2 24. Rxe2 Rxe2 25. Nxe2 Ne4 26. Kf1
f6 27. Nf4 Kf7 28. Nd3 g5 29. Ke2 Kg6 30. g4 Nd6 31. f4 gxf4 32. Nxf4+ Kg5 33.
Kf3 Kh4 34. Kg2 Ne4 35. Ne6 Nd6 36. Ng7 Nc4 37. Nf5+ Kg5 38. b3 Nd2 39. Nd6 Ne4
40. Nxb7 Nxc3 41. Nd8 Nxa2 42. Nxc6 a6 43. Ne7 Nb4 44. Kg3 Nc2 45. h4+ Kh6 46.
Nxd5 Nxd4 47. b4 Nc6 48. Kf4 Kg6 49. h5+ Kg7 50. Ke4 Kf7 51. Kf5 Nd4+ 52. Kf4
Nc6 53. g5 fxg5+ 54. Kxg5 Kg7 55. h6+ Kh7 56. Kh5 a5 57. Nf6+ Kh8 58. b5 Nb8
59. Kg6 a4 60. Ng4 a3 61. Ne5 Nd7 62. Nf7+ Kg8 63. h7+ 1-0

[Event "N4"]
[Site "reims/chalons"]
[Date "2006.12.10"]
[Round "3"]
[White "MENISSIER, Fabien"]
[Black "KRUMM, Serge"]
[Result "0-1"]
[WhiteElo "1530"]
[BlackElo "1750"]
[PlyCount "108"]
[EventDate "2006.12.10"]
[SourceDate "2007.03.18"]

1. d4 Nf6 2. c4 g6 3. Nc3 Bg7 4. e4 d6 5. Nf3 O-O 6. Be2 Nbd7 7. O-O c5 8. d5
Ng4 9. Qc2 Nge5 10. Nxe5 Nxe5 11. f4 Ng4 12. Bxg4 Bxg4 13. Be3 Bd7 14. a3 Rc8
15. Rae1 f5 16. Bd2 a6 17. e5 b5 18. b3 dxe5 19. fxe5 b4 20. axb4 cxb4 21. Na2
a5 22. Bf4 Bb5 23. d6 exd6 24. exd6 Rf7 25. Qe2 Qb6+ 26. Kh1 Bd7 27. Qd3 Qd4
28. Qxd4 Bxd4 29. Nxb4 axb4 30. Re7 Rxe7 31. dxe7 Be8 32. Rd1 Bf6 33. Bd6 Kf7
34. Bxb4 Bxe7 35. Bxe7 Kxe7 36. Kg1 Rb8 37. Rb1 Bf7 38. Kf2 Bxc4 39. b4 Rd8 40.
Re1+ Kf7 41. Kf3 g5 42. g3 Rd3+ 43. Re3 Kf6 44. Rxd3 Bxd3 45. Ke3 Bf1 46. Kd4
Bg2 47. b5 h6 48. b6 Bb7 49. h3 f4 50. g4 f3 51. Ke3 Ke5 52. Kf2 Kf4 53. Kg1
Kg3 54. h4 f2+ 0-1

[Event "N4"]
[Site "reims/chalons"]
[Date "2006.12.10"]
[Round "3"]
[White "VEILLERETTE, Chantal"]
[Black "GOZILLON, Adeline"]
[Result "1-0"]
[WhiteElo "1600"]
[BlackElo "1330"]
[PlyCount "43"]
[EventDate "2006.12.10"]
[SourceDate "2007.03.18"]

1. d4 d5 2. c4 Nf6 3. cxd5 Nxd5 4. Nf3 Nc6 5. e4 Nb6 6. d5 Na5 7. Be2 e6 8. Bd2
Nac4 9. Bxc4 exd5 10. Bb5+ Bd7 11. Bd3 Bd6 12. e5 Bc5 13. O-O O-O 14. Qc2 Be7
15. Bxh7+ Kh8 16. Nc3 Bb4 17. Bf5 Bxf5 18. Qxf5 Qd7 19. Qh5+ Kg8 20. a3 Bxc3
21. Bxc3 Qd8 22. Ng5 1-0

[Event "N4"]
[Site "?"]
[Date "2007.01.21"]
[Round "5"]
[White "BELLOY, Julien"]
[Black "DROIT, Vincent"]
[Result "1-0"]
[WhiteElo "2015"]
[BlackElo "2069"]
[PlyCount "69"]
[EventDate "2007.01.23"]
[SourceDate "2007.03.18"]

1. c4 e5 2. Nc3 Nf6 3. g3 d5 4. cxd5 Nxd5 5. Bg2 Nb6 6. Nf3 Nc6 7. b3 Be7 8.
Bb2 O-O 9. O-O Be6 10. Rc1 f5 11. d3 Bf6 12. Nd2 Nd5 13. Na4 Bf7 14. Nc5 Qc8
15. a3 a5 16. e3 b6 17. Na4 Qd7 18. Qc2 Be8 19. Nc3 Nde7 20. Ne2 Qd8 21. d4
exd4 22. exd4 Nxd4 23. Nxd4 Bxd4 24. Bxd4 Qxd4 25. Nf3 (25. Bxa8) 25... Qf6 26.
Qxc7 Bf7 27. Rfe1 Nd5 28. Qc2 Rfe8 29. Rxe8+ Rxe8 30. Nd2 g6 31. Nc4 f4 32. Qd3
fxg3 33. hxg3 Qd8 34. Rd1 b5 35. Ne3 1-0

[Event "N4"]
[Site "?"]
[Date "2007.01.21"]
[Round "5"]
[White "DJELLOULI, Hassine"]
[Black "CARRE, Cedric"]
[Result "0-1"]
[WhiteElo "1950"]
[BlackElo "2093"]
[PlyCount "44"]
[EventDate "2007.01.23"]
[SourceDate "2007.03.18"]

1. d4 Nf6 2. Nf3 g6 3. c4 Bg7 4. Nc3 d6 5. e4 O-O 6. Be2 Na6 7. O-O e5 8. d5 c6
9. Re1 Nc5 10. Bf1 a5 11. h3 Bd7 12. Bg5 h6 13. Bd2 cxd5 14. cxd5 b5 15. b4
axb4 16. Nxb5 Qb6 17. a4 Nfxe4 18. Be3 Bxb5 19. Bxb5 Nc3 20. Bxc5 Qxc5 21. Qc2
e4 22. Nd2 Ne2+ 0-1

[Event "N4"]
[Site "?"]
[Date "2007.01.21"]
[Round "5"]
[White "BELLOY, Nicolas"]
[Black "PIERQUIN, Bernard"]
[Result "0-1"]
[WhiteElo "2020"]
[BlackElo "1970"]
[PlyCount "92"]
[EventDate "2007.01.23"]
[SourceDate "2007.03.18"]

1. d4 f5 2. Nc3 Nf6 3. Bg5 e6 4. e4 fxe4 5. Nxe4 Be7 6. Bxf6 Bxf6 7. Qh5+ g6 8.
Qh6 Nc6 9. Nf3 Qe7 10. O-O-O Bg7 11. Qe3 d6 12. h4 Bd7 13. Bb5 O-O-O 14. Rhe1
h6 15. Qd2 Rhf8 16. Re3 a6 17. Ba4 Qf7 18. Bb3 Rde8 19. Kb1 Qf4 20. Re2 Qxd2
21. Rexd2 e5 22. d5 Ne7 23. c3 Bg4 24. Rg1 Bxf3 25. gxf3 Rxf3 26. Bc2 Ref8 27.
Rg2 R3f4 28. h5 g5 29. Ng3 Kd7 30. b3 b5 31. Be4 Bf6 32. f3 g4 33. Ne2 gxf3 34.
Nxf4 fxg2 35. Nxg2 Bg5 36. Rc2 Rf1+ 37. Kb2 Nf5 38. Ka3 Ng3 39. Bg6 e4 40. Kb4
Kc8 41. a4 bxa4 42. Kxa4 e3 43. Nxe3 Bxe3 44. Rg2 Ra1+ 45. Kb4 Nf1 46. Be8 Bc5+
0-1

[Event "N4"]
[Site "?"]
[Date "2007.01.21"]
[Round "5"]
[White "BRAJON, Eric"]
[Black "HENTZIEN, Maxime"]
[Result "1/2-1/2"]
[WhiteElo "1840"]
[BlackElo "1942"]
[PlyCount "87"]
[EventDate "2007.01.23"]
[SourceDate "2007.03.18"]

1. e4 c6 2. d4 d5 3. e5 Bf5 4. c4 dxc4 5. Bxc4 e6 6. a3 Nd7 7. Nf3 Nb6 8. Ba2
Ne7 9. Nc3 Ned5 10. Nxd5 Nxd5 11. Qb3 Qc7 12. Nh4 Bg6 13. Nxg6 hxg6 14. Bg5 Be7
15. Be3 O-O 16. O-O Rfd8 17. Rac1 a5 18. Qc2 Qb6 19. Qd2 a4 20. Rc2 Qa5 21.
Rfc1 Qxd2 22. Bxd2 Nc7 23. Be3 Nb5 24. Rc4 Rd5 25. f4 Nc7 26. R4c2 Rd7 27. g3
Bd8 28. Rc4 Nd5 29. Bf2 Nb6 30. Rb4 Ra6 31. Bc4 Nxc4 32. Rbxc4 Be7 33. Be1 f6
34. Kf2 Kf7 35. Ke3 Ke8 36. h4 Rd5 37. g4 f5 38. gxf5 gxf5 39. R1c2 Rb5 40. Rg2
Kf7 41. Rcc2 Rb3+ 42. Kd2 Rh3 43. Rc3 Rxc3 44. Kxc3 1/2-1/2

[Event "N4"]
[Site "?"]
[Date "2007.01.21"]
[Round "4"]
[White "BIESBROUCK, Philippe"]
[Black "MENISSIER, Fabien"]
[Result "0-1"]
[WhiteElo "1870"]
[BlackElo "1550"]
[PlyCount "84"]
[EventDate "2007.01.23"]
[SourceDate "2007.03.18"]

1. c4 e6 2. Nc3 c5 3. g3 Nc6 4. Bg2 Nf6 5. e3 d5 6. cxd5 exd5 7. d4 cxd4 8.
exd4 Bb4 9. Nge2 Bf5 10. O-O O-O 11. Bg5 Bxc3 12. Nxc3 Be6 13. Qa4 h6 14. Bxf6
Qxf6 15. Rad1 Rad8 16. Rd2 Qe7 17. a3 Qg5 18. Rfd1 Bg4 19. h4 Bxd1 20. Rxd1 Qf5
21. Qb5 Qd7 22. Bxd5 a6 23. Qb3 Ne7 24. Bg2 b5 25. Qc2 Nf5 26. d5 Nd6 27. Qc1
Rfe8 28. Kh2 Re7 29. Na2 Rde8 30. Qc6 Qxc6 31. dxc6 Nc8 32. Nb4 a5 33. Nd5 Re2
34. Kg1 Re1+ 35. Rxe1 Rxe1+ 36. Kh2 Re2 37. Kg1 Rxb2 38. Nf4 b4 39. axb4 axb4
40. Bd5 b3 41. Kg2 Rb1 42. Ne2 b2 0-1

[Event "N4"]
[Site "?"]
[Date "2007.01.21"]
[Round "4"]
[White "WATIN, Logan"]
[Black "BRODIER, Thierry"]
[Result "1-0"]
[WhiteElo "1530"]
[BlackElo "1770"]
[PlyCount "56"]
[EventDate "2007.01.23"]
[SourceDate "2007.03.18"]

1. e4 c5 2. Nf3 d6 3. d4 cxd4 4. Nxd4 Nf6 5. Nc3 a6 6. g3 Nbd7 7. Bg2 e6 8. f4
Be7 9. Be3 O-O 10. Qe2 Qc7 11. O-O-O Rb8 12. Bf2 b5 13. e5 Nd5 14. Nxd5 exd5
15. exd6 Bxd6 16. Bxd5 Bb7 17. Bxb7 Rxb7 18. Ne6 Qc6 19. Nxf8 Kxf8 20. Qd3 Bc5
21. Bxc5+ Qxc5 22. Qd6+ Qxd6 23. Rxd6 a5 24. Re1 g6 25. g4 Nc5 26. f5 Rc7 27.
f6 Ne6 28. Ra6 a4 1-0

[Event "N4"]
[Site "?"]
[Date "2007.01.21"]
[Round "4"]
[White "HENRY, Thibavo"]
[Black "WILLE, Frederic"]
[Result "0-1"]
[WhiteElo "1499"]
[BlackElo "1710"]
[PlyCount "76"]
[EventDate "2007.01.23"]
[SourceDate "2007.03.18"]

1. Nf3 d5 2. g3 b6 3. d4 Bb7 4. Bg2 Nf6 5. O-O Nbd7 6. c4 e6 7. Nc3 dxc4 8. Qa4
c5 9. Rd1 Nd5 10. Qxc4 Rc8 11. Qa4 a6 12. Nxd5 b5 13. Qc2 cxd4 14. Qd3 Bxd5 15.
Nxd4 Bxg2 16. Kxg2 Nc5 17. Qd2 Ne4 18. Qe1 Qb6 19. f3 Bc5 20. e3 Nf6 21. Nb3
O-O 22. Bd2 Nd5 23. Nxc5 Rxc5 24. e4 Nf6 25. Bb4 Rc2+ 26. Rd2 Rfc8 27. Bc3
Rxd2+ 28. Qxd2 Qd8 29. Qxd8+ Rxd8 30. Kf2 Ne8 31. Ke3 f6 32. a4 Nd6 33. Ke2 e5
34. axb5 axb5 35. Ra7 Rb8 36. b3 b4 37. Bd2 Nb5 38. Rd7 Nd4+ 0-1

[Event "N4"]
[Site "?"]
[Date "2007.01.20"]
[Round "4"]
[White "BRAJON, Victoria"]
[Black "FERRERO, Marjorie"]
[Result "1/2-1/2"]
[WhiteElo "1320"]
[BlackElo "1220"]
[PlyCount "85"]
[EventDate "2007.01.23"]
[SourceDate "2007.03.18"]

1. e4 c6 2. d4 d5 3. Nc3 dxe4 4. Nxe4 Bf5 5. Bd3 e6 6. Nf3 Be7 7. Be3 Nd7 8.
O-O Bxe4 9. Bxe4 Ngf6 10. Qd3 Nxe4 11. Qxe4 Nf6 12. Qd3 O-O 13. Rfe1 Qc7 14. g3
Rad8 15. c3 Rd7 16. Re2 Rfd8 17. Rae1 c5 18. Rc2 c4 19. Qf1 Rd5 20. Ne5 b5 21.
Rd1 Bd6 22. f4 Bxe5 23. fxe5 Nd7 24. Rcc1 f6 25. Qf3 fxe5 26. Rf1 Rf8 27. Qg4
Nf6 28. Qxe6+ Qf7 29. Qxf7+ Rxf7 30. Bg5 e4 31. Bxf6 gxf6 32. Rf4 f5 33. Rcf1
Kg7 34. h3 Kg6 35. g4 a6 36. R1f2 h5 37. Kg2 hxg4 38. hxg4 a5 39. Kf1 b4 40.
Ke2 Rf6 41. Kf1 Kg5 42. Kg2 b3 43. a3 1/2-1/2

[Event "N4 Blagny / St Dizier"]
[Site "?"]
[Date "????.??.??"]
[Round "4"]
[White "POISSEROUX, Benoit"]
[Black "DJELLOULI, Hassine"]
[Result "0-1"]
[WhiteElo "1883"]
[BlackElo "2000"]
[PlyCount "86"]
[EventDate "2007.01.22"]
[SourceDate "2007.03.18"]

1. d4 Nf6 2. Bg5 e6 3. Nd2 c5 4. e3 Nc6 5. c3 d5 6. f4 h6 7. Bh4 Bd6 8. Qf3
cxd4 9. exd4 Qc7 10. Bxf6 gxf6 11. g3 Bd7 12. Qh5 O-O-O 13. Qxf7 Rdf8 14. Qg6
e5 15. dxe5 fxe5 16. fxe5 Nxe5 17. Qc2 Ng4 18. Ndf3 Re8+ 19. Ne2 Bxg3+ 20. Kd2
Bf4+ 21. Ke1 Ne3 22. Qb3 Bg4 23. Nfd4 Bxh2 24. Nb5 Bg3+ 25. Kd2 Nxf1+ 26. Raxf1
Rxe2+ 27. Kc1 Qc5 28. Nd4 Re4 29. Rf7 Re7 30. Rhf1 Rhe8 31. Rxe7 Qxe7 32. Qb5
Qe3+ 33. Kc2 Qe4+ 34. Kb3 Be2 35. Qc5+ Kb8 36. Rf7 Bc4+ 37. Ka4 Qe5 38. Nc6+
bxc6 39. Qxa7+ Kc8 40. Qa8+ (40. Qd7+ Kb8 41. Qb7#) 40... Qb8 41. Qxc6+ Bc7 42.
Qxe8+ Kb7 43. Qe7 Qa7+ 0-1

[Event "N4 Blagny / St Dizier"]
[Site "?"]
[Date "????.??.??"]
[Round "4"]
[White "THYES, Romuald"]
[Black "FOURCART, Maxence"]
[Result "0-1"]
[WhiteElo "2070"]
[BlackElo "2014"]
[PlyCount "54"]
[EventDate "2007.01.22"]
[SourceDate "2007.03.18"]

1. e4 c6 2. d4 d5 3. exd5 cxd5 4. c4 Nf6 5. Nc3 Be6 6. c5 Nc6 7. Bb5 g6 8. Bg5
Bg7 9. Nf3 O-O 10. Bxc6 bxc6 11. Ne5 Qc7 12. O-O Nh5 13. Nf3 Bg4 14. Re1 Rfe8
15. Bh4 Bxf3 16. gxf3 Qf4 17. Bg3 Nxg3 18. hxg3 Qxd4 19. Qxd4 Bxd4 20. Na4 Rab8
21. Rab1 Rb5 22. Rec1 Reb8 23. b3 Ra5 24. Nc3 Bxc3 25. Rxc3 Rxa2 26. b4 Rb5 27.
f4 a5 0-1

[Event "N4 Blagny / St Dizier"]
[Site "?"]
[Date "????.??.??"]
[Round "4"]
[White "PETEUIL, Camille"]
[Black "ROMAIN, Adeline"]
[Result "0-1"]
[WhiteElo "1280"]
[BlackElo "1620"]
[PlyCount "42"]
[EventDate "2007.01.22"]
[SourceDate "2007.03.18"]

1. e4 d5 2. Nc3 d4 3. Nd5 c6 4. Nf4 e5 5. Nfe2 Nf6 6. Ng3 Qb6 7. Nf3 Bg4 8. b3
Bc5 9. Qe2 O-O 10. Bb2 Nbd7 11. h3 Bh5 12. O-O-O Bxf3 13. Qxf3 Qa5 14. d3 Qxa2
15. Nh5 Bb4 16. c3 dxc3 17. Qe2 cxb2+ 18. Qxb2 Ba3 19. Rd2 Bxb2+ 20. Rxb2 Qa1+
21. Kc2 Nxh5 0-1

[Event "N4 Blagny / St Dizier"]
[Site "?"]
[Date "????.??.??"]
[Round "4"]
[White "TALBOT, Remi"]
[Black "FOURCART, Marc"]
[Result "1-0"]
[WhiteElo "1660"]
[BlackElo "1775"]
[PlyCount "77"]
[EventDate "2007.01.22"]
[SourceDate "2007.03.18"]

1. d4 Nf6 2. c4 g6 3. Nc3 d5 4. cxd5 Nxd5 5. e4 Nxc3 6. bxc3 Bg7 7. Bc4 O-O 8.
Ne2 c5 9. O-O cxd4 10. cxd4 Nc6 11. Be3 b6 12. Rc1 Bb7 13. f3 Rc8 14. Qd2 Qd6
15. Rfd1 Rfd8 16. d5 Na5 17. Bd3 Qa3 (17... e6) 18. Bd4 e5 (18... Bxd4+ 19.
Nxd4 e6 20. Nb5) 19. Be3 Bf8 20. Rc3 Rxc3 21. Qxc3 Qd6 22. Rc1 Rc8 23. Qb2 Rc7
24. Rxc7 Qxc7 25. Qc3 Bd6 (25... Qd6) 26. Qxc7 Bxc7 27. Bg5 Kg7 (27... Bd6 28.
Bf6) (27... Kf8) 28. Be7 f6 29. d6 Bxd6 (29... Kf7) 30. Bxd6 Kf7 31. Nc3 a6 32.
Bc7 Nc6 33. Bxb6 Nb4 34. Bc4+ Kg7 35. Bc5 Nc2 36. Nd5 f5 37. Bd6 Bxd5 38. Bxe5+
Kf8 39. exd5 1-0

[Event "N4 Blagny / St Dizier"]
[Site "?"]
[Date "????.??.??"]
[Round "4"]
[White "MORET, Florian"]
[Black "HANOT, Wilfried"]
[Result "1-0"]
[WhiteElo "1760"]
[BlackElo "1910"]
[PlyCount "90"]
[EventDate "2007.01.22"]
[SourceDate "2007.03.18"]

1. e4 c6 2. d4 d5 3. exd5 cxd5 4. Bd3 Nf6 5. Bf4 Nc6 6. c3 Qa5 7. Nd2 Bg4 8.
Qb3 b6 9. Ngf3 Bxf3 10. Nxf3 a6 11. O-O e6 12. Bc7 Nd7 13. a3 Nc5 (13... Rc8
14. Qd1 Rxc7 15. b4 Nxb4 16. cxb4 Bxb4 17. axb4 Qxb4 18. Bxa6 O-O) 14. dxc5
Qxc5 15. Bxb6 Qd6 16. Be3 Be7 17. Qc2 h6 18. Nd4 Nxd4 19. Bxd4 e5 20. Be3 e4
21. Be2 f5 22. Qd2 O-O 23. f4 g5 24. Rad1 Rad8 25. g3 gxf4 26. Bxf4 Qb6+ 27.
Be3 Bc5 28. Bxc5 Qxc5+ 29. Qd4 Qd6 30. Bc4 f4 31. Qxd5+ Qxd5 32. Bxd5+ Kh8 33.
Bxe4 fxg3 34. Rxf8+ Rxf8 35. hxg3 Rb8 36. Rd2 Rb6 37. Kf2 Kg7 38. Ke3 Kf6 39.
g4 Kg5 40. Bf5 Kf6 41. Kf4 Rc6 42. Re2 Rb6 43. Re6+ Rxe6 44. Bxe6 Kxe6 45. c4
a5 1-0

[Event "N4 Blagny / St Dizier"]
[Site "?"]
[Date "????.??.??"]
[Round "4"]
[White "CHEBRIDON, Jean Louis"]
[Black "WIETRICH, Edgard"]
[Result "1-0"]
[WhiteElo "1700"]
[BlackElo "1640"]
[PlyCount "127"]
[EventDate "2007.01.22"]
[SourceDate "2007.03.18"]

1. e4 d5 2. exd5 Nf6 3. d4 Qxd5 4. Nc3 Qa5 5. Bd2 Nbd7 6. Nf3 c6 7. Bc4 h6 8.
Qe2 e6 9. O-O Bd6 10. Nb5 Bb4 11. Bxb4 Qxb4 12. Nc7+ Kd8 13. c3 (13. Nxa8 Qxb2
14. Rab1 Qc3 15. Rb3 Qa5 16. Ne5) 13... Qd6 (13... Qxc4 14. Qxc4 Kxc7) 14. Nxa8
b5 15. Ne5 Ke7 16. Bb3 (16. Bxe6 Qxe6 17. Nc7) 16... Bb7 17. Rfe1 (17. Nc7 Qxc7
(17... Nf8 18. Nxe6 Nxe6) 18. Nxf7 Kxf7 19. Qxe6+ Kg6 20. Bc2+ Kg5 21. Qf5+ Kh4
22. g3+ Qxg3+ 23. fxg3#) 17... Re8 18. f4 Bxa8 19. f5 Nxe5 20. Qxe5 Qxe5 21.
Rxe5 Kd6 22. Rae1 Nd5 23. Bxd5 cxd5 24. fxe6 fxe6 25. Rf1 Re7 26. Rf8 Bc6 27.
Re3 Be8 28. Kf2 Rf7+ 29. Rxf7 Bxf7 30. h4 a5 31. Rg3 g6 32. h5 g5 33. Rf3 Ke7
34. g4 Bg8 35. Ke2 Bh7 36. Kd2 a4 37. b3 Bb1 38. bxa4 bxa4 39. a3 Ba2 40. Rf1
Bc4 41. Rb1 Bb3 42. Rxb3 axb3 43. Kc1 Kd6 44. Kb2 Kc6 45. Kxb3 Kb5 46. a4+ Ka5
47. c4 dxc4+ 48. Kxc4 Kxa4 49. Kc5 Kb3 50. d5 exd5 51. Kxd5 Kc3 52. Ke5 Kd3 53.
Kf6 Ke3 54. Kg6 Kf4 55. Kxh6 Kxg4 56. Kg6 Kf4 57. h6 g4 58. h7 g3 59. h8=Q g2
60. Qd4+ Kf3 61. Qg1 Kg3 62. Kg5 Kh3 63. Kf4 Kh4 64. Qh2# 1-0

[Event "N4 Blagny / St Dizier"]
[Site "?"]
[Date "????.??.??"]
[Round "4"]
[White "DEFRANCE, Laurent"]
[Black "VIARD, Dominique"]
[Result "0-1"]
[WhiteElo "2165"]
[BlackElo "2050"]
[PlyCount "126"]
[EventDate "2007.01.22"]
[SourceDate "2007.03.18"]

1. Nf3 Nf6 2. c4 g6 3. Nc3 c5 4. g3 Bg7 5. Bg2 O-O 6. O-O Nc6 7. e4 d6 8. d3
Rb8 9. Bg5 a6 10. Qd2 Bd7 11. Bh6 b5 12. Bxg7 Kxg7 13. b3 Qa5 14. Rac1 Nd4 15.
Nxd4 cxd4 16. Nb1 Qxd2 17. Nxd2 Rfc8 18. Rc2 Rc7 19. Rfc1 Rbc8 20. Nf3 e5 21.
Nd2 Be6 22. Kf1 Nd7 23. Ke2 b4 24. f4 Nc5 25. h3 f6 26. Rf1 a5 27. Rb2 Rb8 28.
g4 a4 29. g5 fxg5 30. fxe5 dxe5 31. Nf3 a3 32. Rbb1 g4 33. Nxe5 gxh3 34. Bh1
Nd7 35. Nxd7 Rxd7 36. Kf3 Rf8+ 37. Kg3 Rdf7 38. Rxf7+ Rxf7 39. Re1 g5 40. Bf3
g4 41. Bh1 (41. Bxg4 Bxg4 42. Kxg4 Rf2 43. Kxh3 Rxa2 44. Rd1 Rb2) 41... h5 42.
e5 Bf5 43. Bd5 Re7 44. Kf4 Kg6 45. c5 h4 46. c6 g3 47. Rc1 g2 48. c7 Rxc7 49.
Rxc7 g1=Q 50. Rc6+ Kh5 51. Kxf5 Qf2+ 52. Ke6 h2 53. Kd7 Qf5+ 54. Kd6 Kg5 55.
Rc4 Qf8+ 56. Kd7 Kf5 57. e6 Kf6 58. Rc1 Qe7+ 59. Kc6 Qe8+ 60. Kc7 Ke7 61. Bc4
Qd8+ 62. Kb7 Kd6 63. Re1 Qc7+ 0-1

[Event "N4 Blagny / St Dizier"]
[Site "?"]
[Date "????.??.??"]
[Round "4"]
[White "PELTRIAUX, Guillaume"]
[Black "ROUABLE, Denis"]
[Result "0-1"]
[WhiteElo "1790"]
[BlackElo "1750"]
[PlyCount "102"]
[EventDate "2007.01.22"]
[SourceDate "2007.03.18"]

1. e4 c6 2. Nf3 d5 3. exd5 cxd5 4. d4 Nf6 5. c4 e6 6. Nc3 Be7 7. Bd3 O-O 8. O-O
Nc6 9. cxd5 exd5 10. Qb3 b6 11. Bf4 Bb7 12. Nb5 Na5 13. Qd1 a6 14. Nc3 Rc8 15.
Ne5 Nc4 16. Qb3 b5 17. Rac1 Nh5 18. Ne2 Nxf4 19. Nxf4 Nd2 (19... Bg5 20. g3 Nd2
21. Rxc8 Qxc8 22. Bxh7+ Kxh7 23. Qd3+ Ne4 24. f3 Bxf4 25. gxf4) 20. Bxh7+ Kxh7
21. Qd3+ Ne4 22. f3 Kg8 23. fxe4 dxe4 24. Rxc8 Qxc8 25. Qc3 (25. Qb3) 25...
Qxc3 26. bxc3 Rc8 27. Ne2 Bd5 28. Nf4 Bb7 29. Ne2 f6 30. Ng6 Ba3 31. Rb1 Kf7
32. Ngf4 g5 33. Nh3 Bd5 34. Kf2 Bc4 35. Ng3 Bd3 36. Re1 Rxc3 37. Nxe4 Bxe4 38.
Rxe4 Bd6 39. g3 Kg6 40. Re6 Rc2+ 41. Kg1 Rc6 42. Kg2 (42. Nf2) 42... Rb6 43. g4
b4 44. Nf2 a5 45. Ne4 Bc7 46. d5 Kf7 47. Rxb6 Bxb6 48. Nd6+ Kf8 49. Kf3 (49.
Nc4 a4) 49... a4 50. Ke2 (50. Nc4 Bc5 51. Ke4 b3 52. axb3 a3 53. Nxa3 Bxa3 54.
Kf5) 50... b3 51. axb3 a3 0-1

[Event "N4"]
[Site "?"]
[Date "2007.01.21"]
[Round "4"]
[White "DONRAULT, Patrick"]
[Black "FLAMANT, Jacky"]
[Result "1-0"]
[WhiteElo "2186"]
[BlackElo "1925"]
[PlyCount "133"]
[EventDate "2007.01.23"]
[SourceDate "2007.03.18"]

1. d4 Nf6 2. Nf3 d5 3. Bf4 Bg4 4. Ne5 Bh5 5. c4 c6 6. Qb3 Qb6 7. c5 Qxb3 8.
axb3 Nbd7 9. e3 e6 10. b4 Be7 11. b5 Nxe5 12. Bxe5 O-O 13. Nd2 cxb5 14. Bxb5
Rfc8 15. O-O a6 16. Bd3 Bg6 17. Be2 Nd7 18. Bg3 Nb8 19. Nb3 Nc6 20. Na5 Nxa5
21. Rxa5 Bd8 22. Ra3 Bc7 23. c6 bxc6 24. Bxa6 Rxa6 25. Rxa6 Bxg3 26. hxg3 Bd3
27. Rb6 Bxf1 28. Kxf1 Kf8 29. b4 Ke8 30. Rb7 Ra8 31. Ke2 Ra2+ 32. Kf3 Rb2 33.
g4 Kf8 34. g5 Ke8 35. g4 Kf8 36. Kg3 Rb3 37. Kf4 Rb2 38. f3 Rb3 39. Rb6 Ke7 40.
Rb7+ Kf8 41. Rb8+ Ke7 42. Rb7+ Kf8 43. Rb6 Ke7 44. Rxc6 Rxb4 45. Rc7+ Ke8 46.
Rc8+ Ke7 47. Rh8 Kd6 48. Rxh7 e5+ 49. Kf5 exd4 50. exd4 Rxd4 51. Rxg7 Rd3 52.
f4 Re3 53. Rxf7 d4 54. g6 Re8 55. g7 Rg8 56. Ke4 Kc5 57. Kd3 Kd5 58. Rf5+ Ke6
59. Rg5 Kf6 60. Kxd4 Rd8+ 61. Rd5 Rg8 62. Rd7 Ke6 63. Ra7 Rd8+ 64. Ke4 Kf6 65.
g5+ Kg6 66. Re7 Ra8 67. Kf3 1-0

[Event "N4"]
[Site "?"]
[Date "2007.01.21"]
[Round "4"]
[White "GUYON, Cyndie"]
[Black "VEILLERETTE, Patrick"]
[Result "1-0"]
[WhiteElo "1860"]
[BlackElo "1910"]
[PlyCount "103"]
[EventDate "2007.01.23"]
[SourceDate "2007.03.18"]

1. d4 d5 2. c4 e6 3. Nc3 Be7 4. Qc2 Nf6 5. cxd5 exd5 6. Bg5 c6 7. e3 O-O 8. Bd3
Nbd7 9. Nge2 Re8 10. O-O Nf8 11. Rad1 g6 12. Kh1 Ne6 13. Bh4 Ng7 14. Ng3 Nfh5
15. Bxe7 Nxg3+ 16. fxg3 Qxe7 17. e4 dxe4 18. Bxe4 Bf5 19. Rde1 Qd8 20. Qf2 Be6
21. Bc2 f5 22. Qd2 Bc4 23. Rxe8+ Nxe8 24. Re1 Nf6 25. Qd1 Qd7 26. Bb3 Bxb3 27.
Qxb3+ Qf7 28. Qb4 Re8 29. Rxe8+ Qxe8 30. h3 Qd7 31. Qc5 b6 32. Qe5 Kf7 33. Qe3
Qe6 34. Qd3 Nd5 35. Nxd5 Qxd5 36. Qa6 Qd7 37. Qa4 Ke7 38. Kg1 b5 39. Qb4+ Qd6
40. Qc3 Qd5 41. Qa3+ Kf6 42. Qxa7 h5 43. b3 Qe4 44. Qc5 Qe1+ 45. Kh2 Qe8 46. a4
bxa4 47. bxa4 h4 48. Qd6+ Kf7 49. gxh4 Qe4 50. a5 f4 51. Qe5 Qe3 52. Qxe3 1-0